[Event "DM 2023 Kort Paaske 1 Grp1"]
[Site "Svendborg"]
[Date "2023.04.03"]
[Round "5"]
[White "Hansen, Mikkel Strandby"]
[Black "Marcussen, Claus"]
[Result "0-1"]
[WhiteElo "1795"]
[BlackElo "1643"]
[PlyCount "114"]
[EventDate "2023.04.01"]
[EventType "swiss"]
[EventRounds "5"]
[EventCountry "DEN"]
[SourceTitle "Live v. Kasper Jerwiarz"]

1. d4 f5 2. Bf4 e6 3. e3 Nf6 4. Nd2 d5 5. Bd3 Nbd7 6. c3 c5 7. a4 Be7 8. h3 O-O
9. Ngf3 Ne4 10. Ne5 Bh4 11. g3 Be7 12. Nxe4 fxe4 13. Be2 cxd4 14. exd4 Nxe5 15.
Bxe5 Bd7 16. O-O Be8 17. Bg4 Bf7 18. Qe2 Bd6 19. Bxd6 Qxd6 20. Kg2 e5 21. dxe5
Qxe5 22. Qe3 h5 23. Be2 Be6 24. Rad1 Rf6 25. c4 Qf5 26. Rh1 Raf8 27. Rdf1 dxc4
28. Qxa7 Qe5 29. Qe3 Bd5 30. Qc3 e3+ 31. f3 Qxc3 32. bxc3 g5 33. g4 h4 34. Kg1
Kg7 35. Rh2 Rf4 36. Rd1 Bxf3 37. Bxf3 Rxf3 38. Re2 Rg3+ 39. Kh2 Rff3 40. Rg1
Kf6 41. Rgg2 Ke5 42. a5 Ke4 43. Rb2 Rxg2+ 44. Kxg2 Rf2+ 45. Rxf2 exf2 46. Kxf2
Kd3 47. Kf3 Kxc3 48. Ke4 Kd2 49. Kf5 c3 50. Kxg5 c2 51. Kxh4 c1=Q 52. g5 Qe1+
53. Kg4 Qe4+ 54. Kg3 Ke3 55. h4 Qf3+ 56. Kh2 Kf2 57. a6 Qg2# 0-1